| 000 | 00566nam a22001457a 4500 | ||
|---|---|---|---|
| 008 | 140821b xxu||||| |||| 00| 0 eng d | ||
| 020 | _a0406080534 | ||
| 050 | _aKD276.3.L39(1994) | ||
| 245 |
_aThe Law Reports (1994): Chancery Division and on appeal therefrom in the court of appeal and decisions in the court of protection. / _cEdited by Carol Ellis and assisted by Bernard Agyeman |
||
| 260 |
_aLondon: _bButterworth & Co Ltd., _c1994. |
||
| 300 |
_aXix, 399p.: _c24cm. |
||
| 440 | _pChancery Division | ||
| 800 |
_aEllis, Carol _aAgyeman Bernard |
||
| 942 |
_2lcc _cBK |
||
| 999 |
_c3652 _d11152 |
||